| 000 | 00445nam a2200181Ia 4500 | ||
|---|---|---|---|
| 003 | GCL | ||
| 008 | 140319s9999 xx 000 0 eng d | ||
| 040 |
_aGCL / _cGCL |
||
| 082 | 0 | 4 |
_a759.4 _bF P |
| 100 | 1 | _aFRAGMENTS | |
| 245 | 1 | 0 |
_aPICHETTE : PASSEPORT 90 - 91 / _cFRAGMENTS |
| 260 |
_a[S.N] : _bFRAGMENTS ، _c1991 |
||
| 300 | _a40 P | ||
| 650 | 0 | 4 | _aARTS |
| 650 | 0 | 4 | _aPAINTERS - BIOGRAPHY |
| 650 | 0 | 4 | _aPICHETTE, JAMES |
| 942 |
_2ddc _cBK |
||
| 999 |
_c16216 _d16216 |
||